000 00277nam a2200097Ia 4500
001 1300097
005 20260420095857.0
008 260420s9999 xx 000 0 und d
245 0 _aKÜÇÜK DİNAZOR RESİM YAPMAK İSTEMİYOR
_cAYSEL GÜRMEN
260 _bTİMAŞ ÇOCUK YAYINLARI
999 _c1300097
_d1300097